000 00322nam a22001337a 4500
008 170301b xxu||||| |||| 00| 0 eng d
020 _a9780398075293
041 _aeng
080 _a616.8-006
100 _a6
101 _aSHM
245 _aCHEMOSURGERY IN CANCER, GANGRENE AND INFECTIONS
_cTHOMAS, CH.C
942 _2udc
_cBK
999 _c6484
_d6484